[Event "CZE-ch U14"]
[Site "Kouty nad Desnou"]
[Date "2020.03.11"]
[Round "6"]
[White "Mrazek, Roman1111"]
[Black "Kanak, Matyas"]
[Result "1-0"]
[WhiteElo "1545"]
[BlackElo "1499"]
[PlyCount "45"]
[EventDate "2020.03.07"]
[EventType "swiss"]
[EventRounds "7"]
[EventCountry "CZE"]
[SourceTitle "CBM 195 Extra"]
[Source "ChessBase"]
[SourceDate "2020.05.31"]
[SourceVersion "1"]
[SourceVersionDate "2020.05.31"]
[SourceQuality "1"]

1. d4 Nf6 2. Bf4 e6 3. e3 b6 4. Nd2 Bb7 5. Ngf3 c5 6. Nc4 d6 7. dxc5 dxc5 8. Qxd8+ Kxd8 9. Nce5 Ke7 10. Ng5 h6 11. Ngxf7 Rg8 12. Rd1 g5 13. Bg3 Bg7 14. Nd6 Bd5 15. Ng6+ Kd7 16. c4 Nh5 17. cxd5 Nxg3 18. dxe6+ Kxe6 19. Bc4+ Kf6 20. hxg3 Rd8 21. Ne4+ Kxg6 22. Rxd8 Bxb2 23. Bd5 1-0

[Event "EU-ch U10 26th"]
[Site "Prague"]
[Date "2016.08.21"]
[Round "4"]
[White "Kanak, Matyas"]
[Black "Thoreux Josso, Aaron"]
[Result "1-0"]
[WhiteElo "1222"]
[BlackElo "1124"]
[PlyCount "101"]
[EventDate "2016.08.18"]
[EventType "swiss"]
[EventRounds "9"]
[EventCountry "CZE"]
[SourceTitle "CBM 174 Extra"]
[Source "ChessBase"]
[SourceDate "2016.10.10"]
[SourceVersion "1"]
[SourceVersionDate "2016.10.10"]
[SourceQuality "1"]

1. e4 e5 2. Nf3 f5 3. Nxe5 Qf6 4. Nc4 fxe4 5. Nc3 Qg6 6. Qe2 Nf6 7. d3 d5 8. Nd2 Bd7 9. dxe4 dxe4 10. Ndxe4 Be7 11. Nxf6+ Qxf6 12. Nd5 Qd6 13. Nxe7 Qxe7 14. Qxe7+ Kxe7 15. Bd3 Kf7 16. 0-0 Re8 17. Bf4 Na6 18. Bxa6 bxa6 19. Rad1 Bf5 20. c4 Rad8 21. Rxd8 Rxd8 22. Bxc7 Rc8 23. Be5 Rxc4 24. Bc3 Be6 25. h3 Re4 26. a3 Rc4 27. Re1 Rc5 28. Re4 g6 29. Rf4+ Ke7 30. Bb4 Kd6 31. Rf6 Ke5 32. Rxe6+ Kxe6 33. Bxc5 Kd5 34. Bxa7 Kc4 35. Kf1 a5 36. Ke2 a4 37. h4 h5 38. Ke3 Kb3 39. f3 Kxb2 40. Bc5 Kc3 41. Ke4 Kc4 42. Bb4 Kb5 43. g4 hxg4 44. fxg4 Kc6 45. Ke5 Kb5 46. h5 gxh5 47. gxh5 Kc4 48. h6 Kd3 49. h7 Ke3 50. h8Q Kd3 51. Qh4 1-0

[Event "EU-ch U10 26th"]
[Site "Prague"]
[Date "2016.08.18"]
[Round "1"]
[White "Aslanov, Umid Fuad"]
[Black "Kanak, Matyas"]
[Result "1-0"]
[WhiteElo "1651"]
[BlackElo "1222"]
[PlyCount "83"]
[EventDate "2016.08.18"]
[EventType "swiss"]
[EventRounds "9"]
[EventCountry "CZE"]
[SourceTitle "CBM 174 Extra"]
[Source "ChessBase"]
[SourceDate "2016.10.10"]
[SourceVersion "1"]
[SourceVersionDate "2016.10.10"]
[SourceQuality "1"]

1. e4 c5 2. Nf3 e6 3. d4 cxd4 4. Nxd4 Nc6 5. Nxc6 bxc6 6. Nc3 Nf6 7. Bd3 Be7 8. 0-0 0-0 9. e5 Nd5 10. Nxd5 cxd5 11. Qg4 g6 12. Bh6 Re8 13. Rae1 Bf8 14. Bg5 Qb6 15. b3 Ba6 16. Re3 Rac8 17. Rh3 Bxd3 18. cxd3 Bg7 19. Bf6 Qc5 20. Bxg7 Kxg7 21. Qg5 Rh8 22. Qf6+ Kg8 23. Rf3 Qf8 24. h4 h6 25. d4 Rh7 26. Rd1 Rg7 27. Rg3 Qb4 28. h5 Kh7 29. hxg6+ fxg6 30. Rh3 h5 31. Rf3 Rcg8 32. Rdd3 Qe1+ 33. Kh2 Qe2 34. a4 Qc2 35. Rc3 Qe4 36. Rf4 Qe1 37. Rh3 Qb4 38. g4 Rh8 39. gxh5 Kg8 40. Qd8+ Kh7 41. hxg6+ Kxg6 42. Qf6# 1-0